000 00397nam a2200169Ia 4500
008 230711s9999||||xx |||||||||||||| ||und||
020 _a978-81-775-803-5
041 _aENG
082 _a658
_bMA-P
100 _aMaylor ,Harvey
245 0 _aProject management
250 _a3rd Ed.
260 _c2003
_aNew Delhi
_bPearson
300 _a411
650 _aUNIVESITY BUSNIESS SCHOOL
942 _cBK
999 _c5597
_d5597